[Event "Mittelfranken-ch HT"]
[Site "Nuremberg"]
[Date "2019.04.20"]
[Round "9.2"]
[White "Link, Andreas"]
[Black "Beck, Karl"]
[Result "1-0"]
[WhiteElo "2022"]
[BlackElo "1983"]
[PlyCount "71"]
[EventDate "2019.04.16"]
[EventType "swiss"]
[EventRounds "9"]
[EventCountry "GER"]
[SourceTitle "EXT 2022"]
[Source "ChessBase"]
[SourceDate "2021.10.06"]
[SourceVersion "1"]
[SourceVersionDate "2021.10.06"]
[SourceQuality "1"]

1. Nf3 g6 2. d4 d6 3. c4 Bg7 4. Nc3 c5 5. dxc5 Bxc3+ 6. bxc3 dxc5 7. Qxd8+ Kxd8 8. Bf4 Nc6 9. e4 Nf6 10. 0-0-0+ Ke8 11. Bd3 h6 12. e5 Nh5 13. Be3 b6 14. Be4 Bb7 15. e6 f5 16. Bc2 Nd8 17. Ne5 Nxe6 18. Ba4+ Kf8 19. Nxg6+ Kg7 20. Nxh8 Nf6 21. Bd7 Bc8 22. Bc6 Rb8 23. Bxh6+ Kxh8 24. Bd2 Ng4 25. Rhf1 Ba6 26. Bd5 Nc7 27. h3 Nxd5 28. hxg4 Bxc4 29. Rh1+ Kg7 30. gxf5 Bxa2 31. Rh4 b5 32. Rdh1 Nf6 33. g4 Bd5 34. Re1 Rb7 35. g5 Nh7 36. Bf4 1-0

[Event "Mittelfranken-ch HT"]
[Site "Nuremberg"]
[Date "2019.04.19"]
[Round "7.2"]
[White "Hetzner, Hannes"]
[Black "Link, Andreas"]
[Result "0-1"]
[WhiteElo "1941"]
[BlackElo "2022"]
[PlyCount "64"]
[EventDate "2019.04.16"]
[EventType "swiss"]
[EventRounds "9"]
[EventCountry "GER"]
[SourceTitle "EXT 2022"]
[Source "ChessBase"]
[SourceDate "2021.10.06"]
[SourceVersion "1"]
[SourceVersionDate "2021.10.06"]
[SourceQuality "1"]

1. d4 d5 2. c4 e6 3. Nf3 Nf6 4. g3 c5 5. cxd5 Nxd5 6. Bg2 Nc6 7. 0-0 Be7 8. Nc3 Nxc3 9. bxc3 0-0 10. e4 cxd4 11. cxd4 Bd7 12. Be3 Na5 13. Qd3 a6 14. Rfb1 Bb5 15. Qd1 Nc4 16. a4 Nxe3 17. fxe3 Be8 18. d5 exd5 19. exd5 b5 20. Nd4 Bg5 21. Ra3 Qd6 22. Rd3 bxa4 23. Nc6 Bd7 24. Qxa4 Rfe8 25. e4 f5 26. e5 Rxe5 27. Qd4 Bxc6 28. dxc6 Qxd4+ 29. Rxd4 Be3+ 30. Kf1 Bxd4 31. c7 Rc8 32. Bd5+ Kf8 0-1

[Event "Mittelfranken-chTB1 1819"]
[Site "Mittelfranken"]
[Date "2019.03.31"]
[Round "8.4"]
[White "Link, Andreas"]
[Black "Gloth, Gerrit"]
[Result "1-0"]
[WhiteElo "2037"]
[BlackElo "1958"]
[PlyCount "111"]
[EventDate "2018.10.14"]
[EventType "team-tourn"]
[EventRounds "9"]
[EventCountry "GER"]
[SourceTitle "EXT 2022"]
[Source "ChessBase"]
[SourceDate "2021.10.06"]
[SourceVersion "1"]
[SourceVersionDate "2021.10.06"]
[SourceQuality "1"]
[WhiteTeam "Nuernberg Zabo Eintracht"]
[BlackTeam "Erlangen SC III"]
[WhiteTeamCountry "GER"]
[BlackTeamCountry "GER"]

1. d4 Nf6 2. Nf3 c5 3. c4 cxd4 4. Nxd4 e5 5. Nc2 d5 6. cxd5 Qxd5 7. Qxd5 Nxd5 8. e4 Nb4 9. Nxb4 Bxb4+ 10. Bd2 Nc6 11. Nc3 Be6 12. Bb5 Rc8 13. 0-0 0-0 14. a3 Rfd8 15. axb4 Rxd2 16. Bxc6 bxc6 17. Rxa7 Rxb2 18. Rb7 h6 19. Rc1 Rd8 20. b5 c5 21. h3 Rdd2 22. Nd1 Ra2 23. b6 Rd8 24. Ra7 Ra8 25. Rxa2 Bxa2 26. Rxc5 Rb8 27. Nc3 Be6 28. Rb5 Bd7 29. Rb4 Rb7 30. Nd5 Bc6 31. Nc7 Kf8 32. f3 Ke7 33. Kf2 Kd6 34. Na6 Bd7 35. Ke3 Kc6 36. f4 f6 37. fxe5 fxe5 38. Rb2 Rxb6 39. Nb8+ Rxb8 40. Rxb8 Be6 41. Ra8 Kd6 42. Ra7 Bd7 43. h4 Ke6 44. Ra6+ Ke7 45. Rb6 Be6 46. Kd3 Ba2 47. Kc3 Kf7 48. Rb2 Be6 49. Kb4 Kg6 50. Kc5 Kh5 51. Kd6 Bc4 52. Kxe5 Kxh4 53. Kd6 g5 54. e5 g4 55. e6 Kg3 56. Rc2 1-0

[Event "Nuremberg Zabo op 20th"]
[Site "Nuremberg"]
[Date "2018.09.15"]
[Round "3"]
[White "Link, Andreas"]
[Black "Hacker, Jonas"]
[Result "1/2-1/2"]
[WhiteElo "2007"]
[BlackElo "2334"]
[PlyCount "115"]
[EventDate "2018.09.15"]
[EventType "swiss"]
[EventRounds "5"]
[EventCountry "GER"]
[SourceTitle "EXT 2020"]
[Source "ChessBase"]
[SourceDate "2019.10.17"]
[SourceVersion "1"]
[SourceVersionDate "2019.10.17"]
[SourceQuality "1"]

1. e4 e5 2. Nf3 Nc6 3. Bb5 a6 4. Ba4 d6 5. c3 Nf6 6. Qe2 g6 7. d4 b5 8. Bb3 Bg7 9. a4 Bg4 10. axb5 axb5 11. Rxa8 Qxa8 12. Qxb5 0-0 13. d5 Na7 14. Qe2 Nxe4 15. Qxe4 Bf5 16. Qa4 Bxb1 17. Be3 c5 18. 0-0 Bd3 19. Ra1 Qb7 20. Bc4 Bxc4 21. Qxc4 Nc8 22. b4 e4 23. Ng5 cxb4 24. Rb1 Ne7 25. cxb4 Nxd5 26. Qxe4 Qb5 27. Bd4 Nc3 28. Bxc3 Bxc3 29. h4 Bf6 30. Qf4 Be5 31. Qf3 d5 32. h5 h6 33. Nh3 Kg7 34. Nf4 Bxf4 35. Qxf4 Qd3 36. Re1 g5 37. Qe5+ f6 38. Qe6 Rf7 39. b5 Qxb5 40. Qf5 Qd7 41. Qg6+ Kh8 42. Qxh6+ Kg8 43. Qg6+ Kh8 44. h6 Rf8 45. Re6 Qf7 46. Qf5 Qh7 47. Qxd5 Qxh6 48. Qf5 Qh7 49. Qxh7+ Kxh7 50. f3 Kg6 51. g4 Ra8 52. Kf2 Kf7 53. Rb6 Ra5 54. Ke3 Ke7 55. Rc6 Re5+ 56. Kd4 Re1 57. Ra6 Kf7 58. Rb6 1/2-1/2

[Event "Mittelfranken-chTB1 1718"]
[Site "Mittelfranken"]
[Date "2018.02.18"]
[Round "5.4"]
[White "Bauer, Karlheinz"]
[Black "Link, Andreas"]
[Result "1/2-1/2"]
[WhiteElo "1888"]
[BlackElo "1979"]
[PlyCount "127"]
[EventDate "2017.10.08"]
[EventType "team-tourn"]
[EventRounds "9"]
[EventCountry "GER"]
[SourceTitle "EXT 2022"]
[Source "ChessBase"]
[SourceDate "2021.10.06"]
[SourceVersion "1"]
[SourceVersionDate "2021.10.06"]
[SourceQuality "1"]
[WhiteTeam "Nuernberg Noris Tarrasch III"]
[BlackTeam "Nuernberg Zabo Eintracht"]
[WhiteTeamCountry "GER"]
[BlackTeamCountry "GER"]

1. e4 e5 2. Nf3 Nc6 3. Bb5 a6 4. Ba4 Nf6 5. 0-0 Be7 6. Re1 b5 7. Bb3 0-0 8. c3 d6 9. h3 Na5 10. Bc2 c5 11. d4 Qc7 12. Nbd2 Rd8 13. d5 c4 14. Nf1 Nb7 15. g4 h5 16. g5 Nh7 17. h4 Bg4 18. N1h2 Qd7 19. Kh1 g6 20. Rg1 f5 21. exf5 Bxf5 22. Be3 Rf8 23. Nd2 Nc5 24. Bxc5 dxc5 25. Be4 Bxe4+ 26. Nxe4 Rf4 27. d6 Qc6 28. dxe7 Rxe4 29. Qd8+ Kg7 30. f3 Rxh4 31. Rad1 Qxf3+ 32. Rg2 Nxg5 33. e8N+ Kh8 34. Qxg5 Qxd1+ 35. Rg1 Qf3+ 36. Rg2 Rxh2+ 37. Kxh2 Qf4+ 38. Qxf4 exf4 39. Nc7 Rc8 40. Ne6 Kh7 41. Nxf4 Rc6 42. Re2 Rd6 43. Kg3 b4 44. Ne6 Rd3+ 45. Kf4 Rd5 46. Ng5+ Kh6 47. Nf7+ Kg7 48. Ne5 Kf6 49. Nxc4 g5+ 50. Ke4 Rf5 51. cxb4 Rf4+ 52. Kd3 cxb4 53. Ne3 Rf3 54. Ke4 g4 55. Nd5+ Kg5 56. Nc7 h4 57. Ne6+ Kf6 58. Rg2 h3 59. Rxg4 h2 60. Rh4 Rf2 61. Rh6+ Ke7 62. Kd4 Rxb2 63. Kc4 a5 64. Nd4 1/2-1/2

[Event "Mittelfranken-ch HT 66th"]
[Site "Uttenreuth"]
[Date "2017.04.14"]
[Round "8"]
[White "Link, Andreas"]
[Black "Boehme, Markus"]
[Result "1/2-1/2"]
[WhiteElo "2015"]
[BlackElo "1957"]
[PlyCount "54"]
[EventDate "2017.04.11"]
[EventType "swiss"]
[EventRounds "9"]
[EventCountry "GER"]
[SourceTitle "EXT 2020"]
[Source "ChessBase"]
[SourceDate "2019.10.17"]
[SourceVersion "1"]
[SourceVersionDate "2019.10.17"]
[SourceQuality "1"]

1. d4 Nf6 2. Nf3 c5 3. c4 cxd4 4. Nxd4 e5 5. Nc2 d5 6. cxd5 Qxd5 7. Qxd5 Nxd5 8. e4 Nb4 9. Nxb4 Bxb4+ 10. Bd2 Nc6 11. Bb5 Bd7 12. 0-0 Bxd2 13. Nxd2 Nd4 14. Bxd7+ Kxd7 15. Rfd1 Ke6 16. Kf1 Rac8 17. Rac1 Rhd8 18. Nb1 Nb5 19. Ke1 Rxd1+ 20. Kxd1 Rxc1+ 21. Kxc1 Kd6 22. Kd2 Kc5 23. Kd3 Nd6 24. Nc3 b5 25. Nd5 Nc4 26. b3 Nd6 27. b4+ Kc6 1/2-1/2

[Event "Mittelfranken-ch HT 66th"]
[Site "Uttenreuth"]
[Date "2017.04.11"]
[Round "2"]
[White "Meyer, Juergen1"]
[Black "Link, Andreas"]
[Result "1-0"]
[WhiteElo "1839"]
[BlackElo "2015"]
[PlyCount "67"]
[EventDate "2017.04.11"]
[EventType "swiss"]
[EventRounds "9"]
[EventCountry "GER"]
[SourceTitle "EXT 2020"]
[Source "ChessBase"]
[SourceDate "2019.10.17"]
[SourceVersion "1"]
[SourceVersionDate "2019.10.17"]
[SourceQuality "1"]

1. d4 Nf6 2. Nf3 g6 3. e3 Bg7 4. c4 c5 5. Nc3 cxd4 6. Nxd4 Nc6 7. Nxc6 bxc6 8. Be2 0-0 9. 0-0 d5 10. Bd2 Rb8 11. b3 e5 12. Rc1 Be6 13. cxd5 cxd5 14. Nb5 Qd7 15. Rc7 Qd8 16. Rxa7 Ne4 17. Ba5 Qg5 18. Nc3 Nxc3 19. Bxc3 Bh3 20. Qxd5 Be6 21. Qa5 Bh3 22. Bf3 Rfc8 23. Kh1 Be6 24. Be2 Qf5 25. Ba6 Rd8 26. Qc7 Bd5 27. f3 Rbc8 28. Qa5 Be6 29. Bxc8 Rxc8 30. e4 Qg5 31. Ra8 h6 32. Rxc8+ Bxc8 33. Rd1 Kh7 34. Qd8 1-0

[Event "Mittelfranken-ch HT"]
[Site "Nuremberg"]
[Date "2016.03.24"]
[Round "6"]
[White "Link, Andreas"]
[Black "Tong, Kevin"]
[Result "1-0"]
[WhiteElo "1972"]
[BlackElo "2007"]
[PlyCount "103"]
[EventDate "2016.03.22"]
[EventType "swiss"]
[EventRounds "9"]
[EventCountry "GER"]
[SourceTitle "EXT 2018"]
[Source "ChessBase"]
[SourceDate "2017.10.13"]
[SourceVersion "1"]
[SourceVersionDate "2017.10.13"]
[SourceQuality "1"]

1. e4 e5 2. Nf3 Nc6 3. Bb5 a6 4. Ba4 Nf6 5. 0-0 Be7 6. Nc3 b5 7. Bb3 d6 8. Nd5 0-0 9. Nxe7+ Qxe7 10. c3 Bg4 11. d3 h6 12. h3 Be6 13. Bc2 Rad8 14. Re1 Rfe8 15. Qe2 d5 16. exd5 Bxd5 17. Be3 e4 18. Nd4 exd3 19. Bxd3 Nxd4 20. Bxd4 Qd6 21. Qc2 c5 22. Bxf6 Qxf6 23. Rxe8+ Rxe8 24. a4 c4 25. Bf1 Be4 26. Qe2 Qc6 27. Re1 Re6 28. axb5 axb5 29. Qd2 Qd5 30. Qxd5 Bxd5 31. Rxe6 fxe6 32. f4 Kf7 33. Kf2 Kf6 34. g4 g6 35. h4 Bc6 36. Ke3 e5 37. g5+ hxg5 38. fxg5+ Kf7 39. Bh3 Ke7 40. Bg4 Kf7 41. h5 gxh5 42. Bxh5+ Kg7 43. Bf3 Be8 44. Bd5 Kg6 45. Ke4 Kxg5 46. Kxe5 b4 47. cxb4 Bb5 48. Kd6 Kf4 49. Bc6 Ba6 50. b5 Bc8 51. Kc7 c3 52. bxc3 1-0

[Event "Nuremberg Zabo op 17th"]
[Site "Nuremberg"]
[Date "2015.09.21"]
[Round "2"]
[White "Link, Andreas"]
[Black "Boss, Rolf"]
[Result "0-1"]
[WhiteElo "1942"]
[BlackElo "2000"]
[PlyCount "90"]
[EventDate "2015.09.21"]
[EventType "swiss"]
[EventRounds "5"]
[EventCountry "GER"]
[SourceTitle "EXT 2018"]
[Source "ChessBase"]
[SourceDate "2017.10.13"]
[SourceVersion "1"]
[SourceVersionDate "2017.10.13"]
[SourceQuality "1"]

1. e4 c5 2. Nf3 d6 3. c3 Nf6 4. Bd3 g6 5. Bc2 Bg7 6. 0-0 0-0 7. h3 e5 8. d4 Nc6 9. Re1 h6 10. dxc5 dxc5 11. Qxd8 Rxd8 12. Be3 b6 13. Na3 Be6 14. Ba4 Bd7 15. Rad1 Nd4 16. Bxd7 Nxf3+ 17. gxf3 Nxd7 18. Rd2 Nf8 19. Red1 Ne6 20. Nb5 Rxd2 21. Rxd2 a6 22. Na3 Rd8 23. Rxd8+ Nxd8 24. Nc4 b5 25. Nb6 Ne6 26. Kf1 f5 27. Nd7 c4 28. Ba7 fxe4 29. fxe4 Ng5 30. Bb8 Nxe4 31. Bxe5 Bxe5 32. Nxe5 Kg7 33. Ke2 Kf6 34. f4 g5 35. Ng4+ Kg6 36. Ke3 Nc5 37. f5+ Kxf5 38. Nxh6+ Kg6 39. Ng4 Na4 40. b3 cxb3 41. axb3 Nxc3 42. Kd4 b4 43. Kc5 a5 44. Kb6 a4 45. bxa4 Nxa4+ 0-1

[Event "Mittelfranken-ch HT"]
[Site "Nuremberg"]
[Date "2015.03.31"]
[Round "2"]
[White "Tong, Kevin"]
[Black "Link, Andreas"]
[Result "1-0"]
[WhiteElo "1859"]
[BlackElo "1983"]
[PlyCount "73"]
[EventDate "2015.03.31"]
[EventType "swiss"]
[EventRounds "9"]
[EventCountry "GER"]
[SourceTitle "EXT 2016"]
[Source "ChessBase"]
[SourceDate "2015.10.08"]
[SourceVersion "1"]
[SourceVersionDate "2015.10.08"]
[SourceQuality "1"]

1. e4 c5 2. Nf3 d6 3. d4 cxd4 4. Nxd4 Nf6 5. Nc3 g6 6. Be3 Bg7 7. f3 0-0 8. Qd2 Nc6 9. Bc4 Bd7 10. g4 Rc8 11. Bb3 Ne5 12. h4 h5 13. gxh5 Nxh5 14. 0-0-0 Nc4 15. Bxc4 Rxc4 16. Nd5 b5 17. Rdg1 e6 18. Nc3 Qa5 19. Kb1 b4 20. Nce2 Rfc8 21. Rg5 Qc7 22. Rhg1 Rc5 23. Ng3 Nxg3 24. R1xg3 e5 25. Nf5 Bxf5 26. Bxc5 Be6 27. Bxb4 Qc4 28. b3 Qf1+ 29. Kb2 Kh7 30. h5 Bh6 31. hxg6+ fxg6 32. Qh2 Qd1 33. Rg1 Qd4+ 34. c3 Qe3 35. Rxg6 a5 36. Rxe6 axb4 37. Rxh6+ 1-0

[Event "Mittelfranken-chTB1 1415"]
[Site "Mittelfranken"]
[Date "2015.03.08"]
[Round "7.4"]
[White "Herbst, Thomas"]
[Black "Link, Andreas"]
[Result "1-0"]
[WhiteElo "1823"]
[BlackElo "1977"]
[PlyCount "105"]
[EventDate "2014.09.29"]
[EventType "team-tourn"]
[EventRounds "9"]
[EventCountry "GER"]
[SourceTitle "EXT 2020"]
[Source "ChessBase"]
[SourceDate "2019.10.17"]
[SourceVersion "1"]
[SourceVersionDate "2019.10.17"]
[SourceQuality "1"]
[WhiteTeam "Nuernberg SK 1911"]
[BlackTeam "Nuernberg Zabo"]
[WhiteTeamCountry "GER"]
[BlackTeamCountry "GER"]

1. d4 Nf6 2. Nf3 g6 3. c4 Bg7 4. Nc3 d5 5. Bf4 0-0 6. Rc1 c5 7. dxc5 dxc4 8. Qxd8 Rxd8 9. e3 Na6 10. Bxc4 Nxc5 11. Ke2 Bg4 12. Rhd1 Rxd1 13. Nxd1 Nfe4 14. h3 Be6 15. Bxe6 Nxe6 16. Be5 Rd8 17. Bxg7 Kxg7 18. Rc4 Nd6 19. Rc2 f5 20. Nc3 Rc8 21. Nd4 Nxd4+ 22. exd4 Kf7 23. Kd3 f4 24. g4 fxg3 25. fxg3 Rd8 26. g4 Rd7 27. a4 h5 28. Ne4 Nxe4 29. Kxe4 hxg4 30. hxg4 Kf6 31. Rc5 b6 32. g5+ Ke6 33. d5+ Kf7 34. Rc6 Rd8 35. Rc7 a5 36. Ke5 Rd6 37. Rc6 Rxc6 38. dxc6 Ke8 39. Ke6 Kd8 40. c7+ Kxc7 41. Kxe7 Kc6 42. Kf6 b5 43. Kxg6 bxa4 44. Kf5 Kc5 45. g6 Kc4 46. g7 Kb3 47. g8Q+ Kxb2 48. Qg2+ Kb3 49. Qf1 a3 50. Qa1 a2 51. Ke4 a4 52. Kd3 a3 53. Kd2 1-0

[Event "Mittelfranken-chTB1 1415"]
[Site "Mittelfranken"]
[Date "2014.12.14"]
[Round "4.4"]
[White "Walther, Reinhard"]
[Black "Link, Andreas"]
[Result "1-0"]
[WhiteElo "1936"]
[BlackElo "1977"]
[PlyCount "134"]
[EventDate "2014.09.29"]
[EventType "team-tourn"]
[EventRounds "9"]
[EventCountry "GER"]
[SourceTitle "EXT 2020"]
[Source "ChessBase"]
[SourceDate "2019.10.17"]
[SourceVersion "1"]
[SourceVersionDate "2019.10.17"]
[SourceQuality "1"]
[WhiteTeam "Herzogenaurach"]
[BlackTeam "Nuernberg Zabo"]
[WhiteTeamCountry "GER"]
[BlackTeamCountry "GER"]

1. d4 Nf6 2. c4 e6 3. Nc3 d5 4. Nf3 Be7 5. e3 c5 6. Be2 Nc6 7. 0-0 0-0 8. a3 b6 9. Ne5 Nxe5 10. dxe5 Nd7 11. f4 dxc4 12. Bxc4 Bb7 13. Qe2 a6 14. a4 Qc7 15. b3 Rfd8 16. Bb2 g6 17. Rad1 Nf8 18. Rxd8 Bxd8 19. Rd1 Be7 20. Rd2 Rd8 21. Rxd8 Qxd8 22. Bxa6 Bxa6 23. Qxa6 Qd2 24. Qe2 Qxe2 25. Nxe2 Nd7 26. Kf1 Kf8 27. Nc3 Ke8 28. Ke2 Nb8 29. Ne4 Kd7 30. Kd3 Kc6 31. Kc4 Na6 32. Nc3 Nb4 33. Bc1 f6 34. exf6 Bxf6 35. Ne4 Be7 36. Bd2 Nd5 37. Nf2 h5 38. e4 Nc7 39. Nd3 Bd6 40. Be3 Na6 41. h3 Nc7 42. g4 hxg4 43. hxg4 Kd7 44. b4 cxb4 45. Bxb6 Ne8 46. Bc5 Bb8 47. g5 e5 48. fxe5 Ng7 49. Bxb4 Ne6 50. Bd2 Ba7 51. a5 Nc7 52. Nf4 Bg1 53. Nxg6 Ke6 54. Bf4 Kf7 55. Nh4 Ne6 56. Bd2 Bf2 57. Nf5 Nc7 58. Be3 Be1 59. Bb6 Bxa5 60. Bxa5 Ne6 61. Bd2 Nf8 62. Kd5 Ng6 63. e6+ Ke8 64. Nd6+ Ke7 65. Nc8+ Ke8 66. Kd6 Kf8 67. Bc3 Ke8 1-0